000 00644cam a22002053a 4500
001 42893
003 PGUSA
005 20140828083955.0
008 130608s2013||||xxu|||||s|||||000 | eng d
040 _aPGUSA
_beng
042 _adc
100 1 _aWilliams, John H.
_q(John Harvey),
_d1864-
245 1 4 _aThe Guardians of the Columbia :
_bMount Hood, Mount Adams and Mount St. Helens
_h[electronic resource] /
_cJohn H. Williams
260 _bProject Gutenberg,
_c2013
506 _aPublic domain in the USA.
516 _aElectronic text
830 0 _aProject Gutenberg
_v42893
856 4 0 _uhttp://www.gutenberg.org/ebooks/42893
942 _cEB
999 _c272145
_d272145